| 000 | 02307cam a22003858i 4500 | ||
|---|---|---|---|
| 001 | 23167983 | ||
| 003 | OSt | ||
| 005 | 20260622100536.0 | ||
| 008 | 230602s2023 enk b 001 0 eng | ||
| 010 | _a 2023023243 | ||
| 020 |
_a9781009331432 _q(hardback) |
||
| 020 |
_a9781009331463 _q(paperback) |
||
| 020 |
_z9781009331449 _q(ebook) |
||
| 035 | _a23167983 | ||
| 040 |
_aDLC _beng _erda _cDLC _dDLC |
||
| 042 | _apcc | ||
| 050 | 0 | 0 |
_aHG221 _b.K257 2023 |
| 082 | 0 | 0 |
_a332.4 _223/eng/20230714 |
| 100 | 1 |
_aKapadia, Anush, _eauthor. |
|
| 245 | 1 | 2 |
_aA political theory of money / _cAnush Kapadia. |
| 263 | _a2308 | ||
| 264 | 1 |
_aCambridge, United Kingdom ; _aNew York, NY, USA : _bCambridge University Press, _c2023. |
|
| 300 | _apages 253 | ||
| 336 |
_atext _btxt _2rdacontent |
||
| 337 |
_aunmediated _bn _2rdamedia |
||
| 338 |
_avolume _bnc _2rdacarrier |
||
| 504 | _aIncludes bibliographical references and index. | ||
| 520 |
_a"Understanding money's nature as political, institutional and material answers today's big money questions. Money remains a foundational question of social theory. What is money? Why does something so insubstantial have value? How do money systems make promises function like valuable things? Why are money systems always hierarchical yet variable? The answer, A Political Theory of Money argues, is politics. Money is institutionalised social power. Politics generates institutions that differentially lock into the future product of political and economic collectives. Money emerges from the institutionalisation of social antagonisms to encapsulate a collective's productive potential in a flexible, tradable instrument. This takes a system. Money is built in hierarchical layers out of the inherently variable material of politics and at various economic scales. This book outlines these variable processes theoretically and through case studies"-- _cProvided by publisher. |
||
| 650 | 0 |
_aMoney. _92238 |
|
| 650 | 0 |
_aMoney _xPolitical aspects. |
|
| 776 | 0 | 8 |
_iOnline version: _aKapadia, Anush. _tPolitical theory of money _dCambridge, United Kingdom ; New York, NY, USA : Cambridge University Press, 2023 _z9781009331449 _w(DLC) 2023023244 |
| 906 |
_a7 _bcbc _corignew _d1 _eecip _f20 _gy-gencatlg |
||
| 942 |
_2ddc _cBK |
||
| 999 |
_c23003 _d23003 |
||